| 000 | 01183nam a22002895a 4500 | ||
|---|---|---|---|
| 003 | OSt | ||
| 005 | 20170329144433.0 | ||
| 008 | 170329s2010 ua frb 000 0 ara d | ||
| 015 | _a2010 / 8582 | ||
| 020 | _a97897704641704 | ||
| 040 |
_aEG-ScBUE _bara _cEG-ScBUE |
||
| 043 |
_af-ua--- _aa-ba--- |
||
| 082 | 0 | 4 |
_a345.06 _bم و س _222 |
| 100 | 1 | _aموسى، لبنى عبد العزيز. | |
| 245 | 1 | 0 |
_aاعتراف المتهم : _bدراسة مقارنة / _cإعداد لبنى عبد العزيز الموسى. |
| 246 | 3 | 4 |
_aاعتراف المتهم كدليل في الإثبات الجنائي : _bدراسة قانونية مقارنة |
| 260 |
_aالقاهرة : _bدار النهضة العربية، _c2010. |
||
| 300 |
_a155 ص. ؛ _c24 سم. |
||
| 504 | _aيشتمل على إرجاعات ببليوجرافية. | ||
| 650 | 7 |
_aالاعتراف (قانون جنائي) _zمصر. _2BUEsh |
|
| 650 | 7 |
_aالاعتراف (قانون جنائي) _zالبحرين. _2BUEsh |
|
| 650 | 7 |
_aالإثبات (قانون) _zمصر. _2BUEsh |
|
| 650 | 7 |
_aالإثبات (قانون) _zالبحرين. _2BUEsh |
|
| 651 | _2BUEsh | ||
| 653 |
_bLLAAWW _cMarch2017 |
||
| 942 | _2ddc | ||
| 999 |
_c24569 _d24541 |
||